[Event "Campeonato de España Universitario 2008"]
[Site "Madrid ESP"]
[Date "2008.05.09"]
[Round "4.33"]
[White "Castejon Caballero, Natalia"]
[Black "Alonso Alvarez, Aitor"]
[Result "1-0"]
[WhiteElo "2079"]
[BlackElo "2190"]
[PlyCount "85"]
[EventDate "2008.05.08"]
[EventType "swiss"]
[EventRounds "9"]
[EventCountry "ESP"]
[Source "lmi"]
[SourceDate "2008.05.08"]

1. e4 d5 2. exd5 Qxd5 3. Nc3 Qa5 4. g3 Nf6 5. Bg2 c6 6. Nge2 e5 7. O-O Be7 8.
Re1 O-O 9. d3 Be6 10. a3 a6 11. Rb1 Nbd7 12. b4 Qc7 13. Bb2 Nd5 14. d4 Nxc3 15.
Bxc3 Bf6 16. dxe5 Nxe5 17. Nf4 Bf5 18. Nh5 Nd7 19. Nxf6+ Nxf6 20. Be5 Qd8 21.
Bd6 Re8 22. Rxe8+ Qxe8 23. Rb3 Rd8 24. c4 Qd7 25. c5 Ne8 26. Re3 h6 27. Qe2 Be6
28. Be5 Bg4 29. f3 Bf5 30. Bd6 Be6 31. Be5 Nc7 32. Bd6 Nb5 33. Qd2 Nxd6 34. Rd3
Bd5 35. cxd6 Qxd6 36. f4 Qe6 37. Re3 Qf5 38. Re5 Qb1+ 39. Kf2 Qb3 40. Re3 Qc4
41. Rc3 Qa2 42. Rd3 Kf8 43. Qxa2 1-0

[Event "Campeonato de España Universitario 2008"]
[Site "Madrid ESP"]
[Date "2008.05.09"]
[Round "4.34"]
[White "Eyo Castro-rial, Alberto"]
[Black "Simonet Planas, Adrian"]
[Result "1-0"]
[WhiteElo "2189"]
[BlackElo "2027"]
[PlyCount "89"]
[EventDate "2008.05.08"]
[EventType "swiss"]
[EventRounds "9"]
[EventCountry "ESP"]
[Source "lmi"]
[SourceDate "2008.05.08"]

1. e4 c5 2. Nc3 g6 3. g3 Bg7 4. Bg2 e6 5. d3 Nc6 6. Nge2 Rb8 7. O-O Nge7 8. Rb1
O-O 9. Bg5 h6 10. Be3 d6 11. a3 b5 12. h4 b4 13. axb4 cxb4 14. Na4 d5 15. Nf4
d4 16. Bd2 Qc7 17. b3 Bd7 18. Nb2 Rfc8 19. Nc4 Na5 20. Ra1 Nxc4 21. dxc4 a5 22.
h5 Kh7 23. Nd3 Nc6 24. hxg6+ fxg6 25. f4 Nd8 26. Bf3 Nb7 27. Kg2 Nc5 28. Rh1
Rh8 29. Be1 Kg8 30. e5 Nxd3 31. cxd3 a4 32. bxa4 b3 33. a5 b2 34. Rb1 Bc6 35.
Rh2 Kf7 36. Kg1 Bf8 37. Rhxb2 Bxf3 38. Qxf3 Be7 39. Rb7 Rxb7 40. Rxb7 Qc8 41.
a6 Re8 42. a7 Qa8 43. Bb4 Kf8 44. Bxe7+ Rxe7 45. Rb8+ 1-0

[Event "Campeonato de España Universitario 2008"]
[Site "Madrid ESP"]
[Date "2008.05.09"]
[Round "4.35"]
[White "Perez Candelario, Matias"]
[Black "Serrano Bozada, Esteban"]
[Result "0-1"]
[WhiteElo "2055"]
[BlackElo "2188"]
[PlyCount "98"]
[EventDate "2008.05.08"]
[EventType "swiss"]
[EventRounds "9"]
[EventCountry "ESP"]
[Source "lmi"]
[SourceDate "2008.05.08"]

1. e4 e6 2. d4 d5 3. exd5 exd5 4. Bd3 Bd6 5. Nf3 Bg4 6. O-O Ne7 7. Bg5 Nbc6 8.
c3 Qd7 9. Nbd2 O-O-O 10. Bxe7 Nxe7 11. Qb3 Ng6 12. Rfe1 Nf4 13. Bf1 Bxf3 14.
Nxf3 Qg4 15. Kh1 f6 16. Re3 h5 17. Rae1 h4 18. Qa4 Kb8 19. h3 Qf5 20. Qd1 g5
21. Nh2 c6 22. Ng4 Qg6 23. Bd3 f5 24. Qc2 Rdf8 25. Ne5 Qh7 26. Qb3 Ka8 27. Qc2
c5 28. Bb5 g4 29. dxc5 Bxc5 30. Nd7 Bxe3 31. Nxf8 Rxf8 32. fxe3 Nh5 33. hxg4
Ng3+ 34. Kh2 Qc7 35. Qf2 Qc5 36. Bd3 fxg4 37. Qd2 Qd6 38. Kg1 a6 39. Bc4 Rf5
40. Qd4 Ne4 41. Rf1 Rxf1+ 42. Bxf1 h3 43. Qh8+ Ka7 44. Qd4+ Kb8 45. Qh8+ Kc7
46. Qh7+ Kc6 47. Qh5 Qf6 48. Qxg4 Qf2+ 49. Kh2 Qxf1 0-1

[Event "Campeonato de España Universitario 2008"]
[Site "Madrid ESP"]
[Date "2008.05.09"]
[Round "4.36"]
[White "Cortes Mamblona, Josep Manel"]
[Black "Muñoz Navarro, Alberto"]
[Result "0-1"]
[WhiteElo "2054"]
[BlackElo "2178"]
[PlyCount "68"]
[EventDate "2008.05.08"]
[EventType "swiss"]
[EventRounds "9"]
[EventCountry "ESP"]
[Source "lmi"]
[SourceDate "2008.05.08"]

1. c4 c6 2. Nf3 d5 3. e3 Nf6 4. Nc3 e6 5. b3 Bd6 6. d4 Nbd7 7. Bb2 O-O 8. Bd3
b6 9. O-O Bb7 10. e4 dxe4 11. Nxe4 Nxe4 12. Bxe4 f5 13. Bc2 Qf6 14. Ne5 Nxe5
15. dxe5 Bxe5 16. Bxe5 Qxe5 17. Re1 Qf6 18. Qd7 Rf7 19. Qxe6 Qxe6 20. Rxe6 Rd8
21. Rd1 Rxd1+ 22. Bxd1 Rd7 23. Bf3 c5 24. Kf1 Bxf3 25. gxf3 Kf7 26. Rc6 g6 27.
Ke2 Kg7 28. a3 Kh6 29. Ke3 Kg5 30. b4 Re7+ 31. Kd3 cxb4 32. axb4 Kf4 33. c5
bxc5 34. bxc5 Kxf3 0-1

[Event "Campeonato de España Universitario 2008"]
[Site "Madrid ESP"]
[Date "2008.05.09"]
[Round "4.37"]
[White "Lara Lopez, Jose"]
[Black "Rodriguez Falcon, Jesus Manuel"]
[Result "1/2-1/2"]
[WhiteElo "2178"]
[BlackElo "1981"]
[PlyCount "86"]
[EventDate "2008.05.08"]
[EventType "swiss"]
[EventRounds "9"]
[EventCountry "ESP"]
[Source "lmi"]
[SourceDate "2008.05.08"]

1. e4 Nf6 2. e5 Nd5 3. c4 Nb6 4. d4 d6 5. f4 dxe5 6. fxe5 Nc6 7. Be3 Bf5 8. Nc3
e6 9. Nf3 Be7 10. a3 Bg4 11. c5 Nd5 12. Bf2 O-O 13. Bc4 f6 14. Nxd5 exd5 15.
Be2 fxe5 16. dxe5 Rf5 17. O-O Bxf3 18. Bxf3 Rxe5 19. b4 Bf6 20. b5 Ne7 21. Bd4
Rf5 22. Qd3 Bxd4+ 23. Qxd4 c6 24. Bg4 Rg5 25. h4 Rg6 26. h5 Rg5 27. h6 Qc7 28.
Be6+ Kh8 29. hxg7+ Rxg7 30. Rf3 Re8 31. Raf1 Ng8 32. Bf5 Qe5 33. Qh4 Nf6 34.
Bd3 Ne4 35. Rf8+ Rxf8 36. Rxf8+ Rg8 37. Bxe4 dxe4 38. Rf7 Qa1+ 39. Kh2 Qe5+ 40.
Kg1 Qd4+ 41. Kh1 Rg7 42. Rf8+ Rg8 43. Rf7 Rg7 1/2-1/2

[Event "Campeonato de España Universitario 2008"]
[Site "Madrid ESP"]
[Date "2008.05.09"]
[Round "4.38"]
[White "Perez Garcia, Jose Miguel"]
[Black "Pazos Porta, Antonio"]
[Result "0-1"]
[WhiteElo "1957"]
[BlackElo "2176"]
[PlyCount "104"]
[EventDate "2008.05.08"]
[EventType "swiss"]
[EventRounds "9"]
[EventCountry "ESP"]
[Source "lmi"]
[SourceDate "2008.05.08"]

1. d4 Nf6 2. Nf3 g6 3. c4 Bg7 4. Nc3 O-O 5. e4 d6 6. Be2 e5 7. dxe5 dxe5 8.
Qxd8 Rxd8 9. Bg5 Re8 10. Nd5 Nxd5 11. cxd5 c6 12. Bc4 cxd5 13. Bxd5 Nc6 14. Ke2
Nb4 15. Bc4 Bg4 16. Be3 Nc2 17. Rac1 Nd4+ 18. Bxd4 exd4 19. Bd5 Rad8 20. Kd3
Rxd5 21. exd5 Bf5+ 22. Kc4 d3 23. Rhe1 Rd8 24. h3 b5+ 25. Kxb5 d2 26. Nxd2
Rxd5+ 27. Ka6 Rxd2 28. Rcd1 Rxd1 29. Rxd1 Bxb2 30. Kxa7 Ba3 31. Kb6 Kg7 32. f3
Kf6 33. g4 Be6 34. Rd3 Bb2 35. a4 Ke5 36. a5 Bd4+ 37. Kc7 Bc4 38. Ra3 Ba6 39.
Kd7 Kf4 40. Ke8 f5 41. Kf7 Bb2 42. Ra4+ Kxf3 43. gxf5 gxf5 44. Rh4 Kg3 45. Rxh7
f4 46. Rh5 f3 47. Rf5 Bd3 48. Rxf3+ Kxf3 49. h4 Kg4 50. h5 Kxh5 51. Ke6 Bc3 52.
Kd5 Bxa5 0-1

[Event "Campeonato de España Universitario 2008"]
[Site "Madrid ESP"]
[Date "2008.05.09"]
[Round "4.41"]
[White "Krug Cortegoso, Rodolfo Martin"]
[Black "Alcaraz Pacheco, Ivan"]
[Result "1-0"]
[WhiteElo "2154"]
[BlackElo "2011"]
[PlyCount "83"]
[EventDate "2008.05.08"]
[EventType "swiss"]
[EventRounds "9"]
[EventCountry "ESP"]
[Source "lmi"]
[SourceDate "2008.05.08"]

1. Nf3 Nf6 2. c4 c5 3. Nc3 Nc6 4. g3 g6 5. Bg2 Bg7 6. O-O O-O 7. d4 cxd4 8.
Nxd4 a6 9. h3 Qc7 10. Bf4 e5 11. Nxc6 dxc6 12. Be3 Be6 13. b3 Rad8 14. Qc1 b5
15. Re1 Rd7 16. Bc5 Rfd8 17. Qe3 Re8 18. Bb6 Qc8 19. Qc5 Bf8 20. Qxc6 Rd6 21.
Qxc8 Rxc8 22. c5 Rd2 23. Bb7 Rb8 24. Bxa6 b4 25. Na4 Nd5 26. Rad1 Rxd1 27. Rxd1
Be7 28. Bc4 Nc3 29. Nxc3 Bxc4 30. bxc4 bxc3 31. Rc1 Ra8 32. c6 Bb4 33. Rc2 Kf8
34. c5 Ke7 35. e4 Rc8 36. c7 Ra8 37. Kf1 Kd7 38. Ke2 Kc6 39. Kd3 Kb5 40. a4+
Kc6 41. Kc4 Ba5 42. Bxa5 1-0

[Event "Campeonato de España Universitario 2008"]
[Site "Madrid ESP"]
[Date "2008.05.09"]
[Round "4.42"]
[White "Sierra Canosa, Francisco"]
[Black "Gonzalez Berruga, Ana Isabel"]
[Result "1-0"]
[WhiteElo "2141"]
[BlackElo "1986"]
[PlyCount "69"]
[EventDate "2008.05.08"]
[EventType "swiss"]
[EventRounds "9"]
[EventCountry "ESP"]
[Source "lmi"]
[SourceDate "2008.05.08"]

1. e4 c5 2. Nf3 d6 3. d4 cxd4 4. Nxd4 Nf6 5. Nc3 g6 6. Be3 Bg7 7. f3 O-O 8. Qd2
Nc6 9. O-O-O Bd7 10. g4 h5 11. gxh5 Nxh5 12. Rg1 Qa5 13. Rg5 e5 14. Nxc6 bxc6
15. Bc4 Qb4 16. Bb3 d5 17. exd5 c5 18. a3 Qa5 19. Rxh5 gxh5 20. Bh6 Bf5 21. Qg5
Bg6 22. d6 Kh7 23. Bxg7 Kxg7 24. Qxe5+ Kh7 25. Ne4 Qd8 26. Nf6+ Kh6 27. f4 c4
28. Bxc4 Rc8 29. Bd3 Rc5 30. Qxc5 Qxf6 31. Qg5+ Qxg5 32. fxg5+ Kxg5 33. Bxg6
fxg6 34. d7 Rd8 35. c4 1-0

[Event "Campeonato de España Universitario 2008"]
[Site "Madrid ESP"]
[Date "2008.05.09"]
[Round "4.43"]
[White "Garcia Bernardez, Jaime"]
[Black "Lorente Peñalba, Diego"]
[Result "0-1"]
[WhiteElo "2038"]
[BlackElo "2134"]
[PlyCount "48"]
[EventDate "2008.05.08"]
[EventType "swiss"]
[EventRounds "9"]
[EventCountry "ESP"]
[Source "lmi"]
[SourceDate "2008.05.08"]

1. e4 c5 2. Nf3 d6 3. g3 g6 4. Bg2 Bg7 5. O-O Nc6 6. d3 Rb8 7. Re1 b5 8. Nbd2
Bb7 9. Nf1 Qc7 10. h4 Nf6 11. Ng5 O-O 12. Nh2 h6 13. Nh3 b4 14. Nf4 h5 15. g4
hxg4 16. Nxg4 Nxg4 17. Qxg4 Nd4 18. h5 Nxc2 19. Nxg6 fxg6 20. Qe6+ Kh8 21. h6
Nxe1 22. Bg5 Bf6 23. Rxe1 Bxg5 24. Qxg6 Rg8 0-1

[Event "Campeonato de España Universitario 2008"]
[Site "Madrid ESP"]
[Date "2008.05.09"]
[Round "4.44"]
[White "Gomez Peco, David"]
[Black "Cuenca Jimenez, Francisco Javier"]
[Result "0-1"]
[WhiteElo "1980"]
[BlackElo "2130"]
[PlyCount "64"]
[EventDate "2008.05.08"]
[EventType "swiss"]
[EventRounds "9"]
[EventCountry "ESP"]
[Source "lmi"]
[SourceDate "2008.05.08"]

1. d4 d5 2. c4 e6 3. Nc3 Nf6 4. Bg5 Be7 5. cxd5 exd5 6. Qc2 O-O 7. e3 Nbd7 8.
Bd3 c6 9. Nge2 Re8 10. Bh4 Nf8 11. f3 g6 12. Bf2 Ne6 13. O-O-O b6 14. g4 Bb7
15. Ng3 Rc8 16. h4 c5 17. h5 c4 18. Bxg6 fxg6 19. hxg6 Bf8 20. Nh5 Nxh5 21.
Rxh5 h6 22. f4 Bg7 23. Bh4 Qd6 24. Rh1 a6 25. Qh2 Nf8 26. g5 Qxg6 27. Bf2 Qe6
28. gxh6 Bf6 29. f5 Qf7 30. h7+ Kh8 31. Bh4 Nd7 32. Rg1 Qxh5 0-1

[Event "Campeonato de España Universitario 2008"]
[Site "Madrid ESP"]
[Date "2008.05.09"]
[Round "4.45"]
[White "Acuña Celada, Ivan"]
[Black "Ramos Del Campo, Alexander"]
[Result "1/2-1/2"]
[WhiteElo "2114"]
[BlackElo "1961"]
[PlyCount "64"]
[EventDate "2008.05.08"]
[EventType "swiss"]
[EventRounds "9"]
[EventCountry "ESP"]
[Source "lmi"]
[SourceDate "2008.05.08"]

1. e4 c5 2. Nf3 Nc6 3. d4 cxd4 4. Nxd4 Nf6 5. Nc3 e5 6. Ndb5 h6 7. Nd6+ Bxd6 8.
Qxd6 Qe7 9. Qxe7+ Kxe7 10. Be3 d6 11. f3 Be6 12. O-O-O Rhd8 13. Bb5 Rac8 14.
Ba4 b6 15. Bb3 Na5 16. Nd5+ Bxd5 17. Bxd5 Nxd5 18. Rxd5 Rc6 19. Kb1 Rdc8 20. c3
Nb7 21. g4 Nc5 22. Re1 f6 23. h4 Ke6 24. Red1 Rh8 25. h5 Rhc8 26. Kc2 Na6 27.
Kb3 Nc7 28. a4 Ke7 29. R5d2 Ne6 30. Ra1 Ng5 31. Rf1 Rb8 32. Rd5 Ne6 1/2-1/2

[Event "Campeonato de España Universitario 2008"]
[Site "Madrid ESP"]
[Date "2008.05.09"]
[Round "4.46"]
[White "Cruz Marquez, Francisco Cesar"]
[Black "Deruelle Sala, Albert"]
[Result "0-1"]
[WhiteElo "1958"]
[BlackElo "2103"]
[PlyCount "38"]
[EventDate "2008.05.08"]
[EventType "swiss"]
[EventRounds "9"]
[EventCountry "ESP"]
[Source "lmi"]
[SourceDate "2008.05.08"]

1. e4 c5 2. Nf3 Nc6 3. g3 g6 4. Bg2 Bg7 5. O-O e6 6. d3 Nge7 7. c3 d5 8. Qe2
O-O 9. e5 h6 10. h4 Kh7 11. Re1 f5 12. exf6 Rxf6 13. Bf4 Rf5 14. Bh3 Rf6 15.
Ne5 Qf8 16. Qg4 Nxe5 17. Bxe5 Rxf2 18. Bxg7 Kxg7 19. Na3 e5 0-1

[Event "Campeonato de España Universitario 2008"]
[Site "Madrid ESP"]
[Date "2008.05.09"]
[Round "4.47"]
[White "Cabo Alvarez, Christian"]
[Black "Piña Sierra, Julia"]
[Result "0-1"]
[WhiteElo "1946"]
[BlackElo "2101"]
[PlyCount "90"]
[EventDate "2008.05.08"]
[EventType "swiss"]
[EventRounds "9"]
[EventCountry "ESP"]
[Source "lmi"]
[SourceDate "2008.05.08"]

1. e4 c5 2. Nc3 Nc6 3. g3 g6 4. Bg2 Bg7 5. d3 d6 6. Be3 e6 7. Qd2 Rb8 8. Nge2
Nd4 9. O-O b5 10. Nc1 Ne7 11. Nd1 b4 12. c3 bxc3 13. bxc3 Ndc6 14. Bh6 O-O 15.
Bxg7 Kxg7 16. f4 Qb6 17. Kh1 e5 18. f5 f6 19. g4 g5 20. Rf3 Bd7 21. Qe1 Na5 22.
c4 Nac6 23. Ne2 Nb4 24. Qd2 Qd8 25. Nf2 Rb6 26. h4 h6 27. Nh3 Rh8 28. Kg1 Kf7
29. hxg5 hxg5 30. Ng3 Rh4 31. Nxg5+ fxg5 32. Qxg5 Qh8 33. Nh5 Nc2 34. Rc1 Nd4
35. Rf2 Rxh5 36. gxh5 Rb8 37. f6 Ne2+ 38. Rxe2 Rg8 39. Qh4 Nc6 40. Rf2 Qh6 41.
Re1 Nd4 42. Kf1 Rg4 43. Qh2 Qg5 44. Bf3 Rg3 45. Be2 Bh3+ 0-1

[Event "Campeonato de España Universitario 2008"]
[Site "Madrid ESP"]
[Date "2008.05.09"]
[Round "4.48"]
[White "Ibarra Jerez, Juan Miguel"]
[Black "Martinez Sanchez, Carmen"]
[Result "1-0"]
[WhiteElo "2176"]
[BlackElo "1907"]
[PlyCount "69"]
[EventDate "2008.05.08"]
[EventType "swiss"]
[EventRounds "9"]
[EventCountry "ESP"]
[Source "lmi"]
[SourceDate "2008.05.08"]

1. e4 c5 2. Nf3 Nc6 3. d4 cxd4 4. Nxd4 Nf6 5. Nc3 d6 6. Be2 g6 7. Be3 Bg7 8.
Qd2 O-O 9. O-O-O Bd7 10. Kb1 a6 11. Rhg1 b5 12. a3 Ne5 13. Qe1 Rc8 14. f4 Nc4
15. Bc1 Qc7 16. Rd3 Qc5 17. Nb3 Qb6 18. g4 Bc6 19. Bf3 Nd7 20. g5 a5 21. Bg4 a4
22. Nd2 Nc5 23. Rh3 Rb8 24. Qh4 Rfd8 25. f5 Nxd2+ 26. Bxd2 Nxe4 27. Be3 Qc7 28.
Nxe4 Bxe4 29. f6 Qxc2+ 30. Ka1 exf6 31. gxf6 h5 32. Bxh5 Qb3 33. Bd4 Qd5 34.
Bc3 Qxh5 35. Qxh5 1-0

[Event "Campeonato de España Universitario 2008"]
[Site "Madrid ESP"]
[Date "2008.05.09"]
[Round "4.49"]
[White "Casanellas Ruano, Lluis"]
[Black "Pitarch Miguel, Pablo"]
[Result "1/2-1/2"]
[WhiteElo "2146"]
[BlackElo "1944"]
[PlyCount "48"]
[EventDate "2008.05.08"]
[EventType "swiss"]
[EventRounds "9"]
[EventCountry "ESP"]
[Source "lmi"]
[SourceDate "2008.05.08"]

1. e4 e5 2. f4 exf4 3. Nf3 h6 4. b3 d6 5. Bc4 Be7 6. O-O Nf6 7. Nc3 O-O 8. Qe2
Nbd7 9. d4 Nb6 10. Bd3 Bg4 11. Bxf4 Re8 12. Qf2 Qd7 13. a4 a5 14. Rad1 Rad8 15.
Ne2 d5 16. e5 Ne4 17. Qe1 Bxf3 18. Rxf3 Bg5 19. h4 Bxf4 20. Nxf4 Qe7 21. Nxd5
Nxd5 22. Qxe4 g6 23. c4 Nc3 24. Qe1 Nxd1 1/2-1/2

[Event "Campeonato de España Universitario 2008"]
[Site "Madrid ESP"]
[Date "2008.05.09"]
[Round "4.50"]
[White "Caravaca Aguirre, Antonio Miguel"]
[Black "Peiro Ibañez, Felipe"]
[Result "1-0"]
[WhiteElo "2130"]
[BlackElo "1930"]
[PlyCount "101"]
[EventDate "2008.05.08"]
[EventType "swiss"]
[EventRounds "9"]
[EventCountry "ESP"]
[Source "lmi"]
[SourceDate "2008.05.08"]

1. e4 c5 2. Nf3 Nc6 3. d4 cxd4 4. Nxd4 Nf6 5. Nc3 a6 6. Bg5 e5 7. Nf5 d6 8. Ne3
Be7 9. a4 Be6 10. Bc4 O-O 11. Bxf6 Bxf6 12. O-O Rc8 13. Ncd5 Bg5 14. Ra3 Nd4
15. Ba2 Bxd5 16. Bxd5 Bxe3 17. fxe3 Nxc2 18. Rb3 b5 19. axb5 axb5 20. Rf2 Qa5
21. h3 Nb4 22. Qd2 Nc6 23. Qxa5 Nxa5 24. Rxb5 Nc4 25. Rb7 Nxe3 26. Bxf7+ Kh8
27. Rd2 Rc1+ 28. Kf2 Nc4 29. Re2 d5 30. Rc7 Rd1 31. Kg3 Rd3+ 32. Kh2 Ne3 33.
exd5 Nxd5 34. Bxd5 Rxd5 35. Re7 h6 36. R7xe5 Rd7 37. Re8 Rd8 38. Rxf8+ Rxf8 39.
b4 Rb8 40. Rb2 Rb5 41. Kg3 Kh7 42. Kf4 Kg6 43. Ke4 Kg5 44. g3 h5 45. Kd4 Kf5
46. Kc4 Re5 47. b5 Re3 48. b6 Re4+ 49. Kd5 Re5+ 50. Kd6 Re6+ 51. Kd7 1-0

[Event "Campeonato de España Universitario 2008"]
[Site "Madrid ESP"]
[Date "2008.05.09"]
[Round "4.51"]
[White "Schneider Sanchez, Carlos D"]
[Black "Marco Francisco, Miriam"]
[Result "1/2-1/2"]
[WhiteElo "2105"]
[BlackElo "1920"]
[PlyCount "46"]
[EventDate "2008.05.08"]
[EventType "swiss"]
[EventRounds "9"]
[EventCountry "ESP"]
[Source "lmi"]
[SourceDate "2008.05.08"]

1. d4 d5 2. c4 Nc6 3. Nf3 Bg4 4. e3 Nf6 5. cxd5 Qxd5 6. Nc3 Qd7 7. h3 Bxf3 8.
Qxf3 a6 9. Be2 e6 10. O-O Be7 11. a3 O-O 12. b4 b5 13. Bb2 Rfd8 14. Rfd1 Bf8
15. Nxb5 axb5 16. Bxb5 Nd5 17. Rac1 Nxd4 18. Bxd7 Nxf3+ 19. gxf3 Rxd7 20. e4
Nb6 21. Rxd7 Nxd7 22. Rxc7 Nb6 23. Bd4 Nc8 1/2-1/2

[Event "Campeonato de España Universitario 2008"]
[Site "Madrid ESP"]
[Date "2008.05.09"]
[Round "4.52"]
[White "Sanchez Jimenez, David"]
[Black "Lanza Peña, Alberto"]
[Result "1-0"]
[WhiteElo "1916"]
[BlackElo "2101"]
[PlyCount "83"]
[EventDate "2008.05.08"]
[EventType "swiss"]
[EventRounds "9"]
[EventCountry "ESP"]
[Source "lmi"]
[SourceDate "2008.05.08"]

1. f4 Nf6 2. Nf3 d5 3. g3 Bf5 4. Bg2 e6 5. e3 Bd6 6. d3 O-O 7. O-O c5 8. Qe1
Nc6 9. a3 Re8 10. h3 h5 11. Nc3 d4 12. Nd1 dxe3 13. Nxe3 Qc7 14. Qf2 Rad8 15.
Bd2 Nd4 16. Rae1 Nxc2 17. Nxc2 Bxd3 18. Bc3 Nd5 19. Be5 b5 20. Rd1 Bxf1 21.
Bxf1 c4 22. Ncd4 Qb6 23. Be2 Bc5 24. Ng5 f6 25. Bxh5 fxe5 26. Bf7+ Kh8 27. fxe5
Rf8 28. Qc2 Bxd4+ 29. Kh1 Nf6 30. exf6 g6 31. Qxg6 Qb7+ 32. Kh2 Bg1+ 33. Kxg1
Rxd1+ 34. Kf2 Rd2+ 35. Ke1 Qh1+ 36. Kxd2 Rd8+ 37. Ke3 Qe1+ 38. Kf4 Qf2+ 39. Kg4
Qe2+ 40. Kh4 Rd4+ 41. g4 Qf2+ 42. Kh5 1-0

[Event "Campeonato de España Universitario 2008"]
[Site "Madrid ESP"]
[Date "2008.05.09"]
[Round "4.53"]
[White "Mestres Cochs, Joan"]
[Black "Cobo Montejo, Miguel Angel"]
[Result "1-0"]
[WhiteElo "2070"]
[BlackElo "1918"]
[PlyCount "107"]
[EventDate "2008.05.08"]
[EventType "swiss"]
[EventRounds "9"]
[EventCountry "ESP"]
[Source "lmi"]
[SourceDate "2008.05.08"]

1. e4 c5 2. Nf3 d6 3. d4 cxd4 4. Nxd4 Nf6 5. Nc3 a6 6. Be2 e5 7. Nb3 Be6 8. Bg5
Nbd7 9. O-O Be7 10. f4 Rc8 11. Kh1 O-O 12. Qe1 b5 13. a3 Nb6 14. Qg3 Bc4 15.
Bh6 Ne8 16. Bxc4 Rxc4 17. fxe5 dxe5 18. Rad1 Qc7 19. Rf5 Rc6 20. Be3 Rg6 21.
Qxe5 Bd6 22. Bxb6 Qxb6 23. Qd4 Qb8 24. e5 Bc7 25. Nd5 Bd8 26. Nf4 Bb6 27. Qd7
Rh6 28. Nd4 Bxd4 29. Rxd4 g6 30. Rg5 Ng7 31. Rd6 Re8 32. Nd5 Re6 33. Qd8+ Qxd8
34. Rxd8+ Ne8 35. Nc7 Kf8 36. Nxe6+ fxe6 37. Ra8 Rh4 38. Rxa6 Re4 39. Kg1 Re1+
40. Kf2 Rc1 41. Rc6 Ng7 42. Rg3 Nf5 43. Rd3 Kg7 44. Rdc3 Nd4 45. Rc7+ Kh6 46.
Ra7 b4 47. axb4 Nb5 48. Rac7 Nxc3 49. Rxc3 Kg5 50. b5 Ra1 51. Ra3 Rd1 52. Rd3
Ra1 53. c4 Ra2 54. Rb3 1-0

[Event "Campeonato de España Universitario 2008"]
[Site "Madrid ESP"]
[Date "2008.05.09"]
[Round "4.54"]
[White "Lopez Reboso, Hector"]
[Black "Gil Rodriguez, Isabel"]
[Result "0-1"]
[WhiteElo "2048"]
[BlackElo "1916"]
[PlyCount "87"]
[EventDate "2008.05.08"]
[EventType "swiss"]
[EventRounds "9"]
[EventCountry "ESP"]
[Source "lmi"]
[SourceDate "2008.05.08"]

1. e4 c5 2. c3 Nc6 3. Nf3 d6 4. d4 cxd4 5. cxd4 Bg4 6. Be2 g6 7. O-O Bg7 8. d5
Nb8 9. Nc3 Nd7 10. h3 Bxf3 11. Bxf3 Ngf6 12. Be3 O-O 13. Rc1 Ne5 14. Be2 Qa5
15. Qb3 Rab8 16. a4 Nfd7 17. f4 Nc5 18. Qa3 Ned3 19. Bxd3 Nxd3 20. Rc2 Nb4 21.
Rd2 Rfc8 22. Qb3 a6 23. Rfd1 b5 24. axb5 axb5 25. Kh2 Na6 26. Bd4 Nc5 27. Bxc5
Rxc5 28. Rd3 Rbc8 29. h4 Bxc3 30. bxc3 Rxc3 31. Rxc3 Rxc3 32. Qb2 b4 33. Ra1
Qc5 34. Ra4 Qe3 35. Ra8+ Kg7 36. Rc8 Qxf4+ 37. Kg1 Qe3+ 38. Kh2 Qg3+ 39. Kg1
Qe1+ 40. Kh2 Qxh4+ 41. Kg1 Qe1+ 42. Kh2 Qh4+ 43. Kg1 Qf6 44. Rc6 0-1

[Event "Campeonato de España Universitario 2008"]
[Site "Madrid ESP"]
[Date "2008.05.09"]
[Round "4.55"]
[White "Litran Sirvent, Oscar"]
[Black "Torrenta Planas, Marcel"]
[Result "1-0"]
[WhiteElo "1910"]
[BlackElo "2046"]
[PlyCount "49"]
[EventDate "2008.05.08"]
[EventType "swiss"]
[EventRounds "9"]
[EventCountry "ESP"]
[Source "lmi"]
[SourceDate "2008.05.08"]

1. e4 e5 2. Nf3 Nf6 3. Nxe5 d6 4. Nf3 Nxe4 5. d3 Nf6 6. g3 Be7 7. Bg2 O-O 8.
O-O d5 9. c4 d4 10. Re1 c5 11. Nbd2 Nc6 12. a3 a5 13. Ne5 Nxe5 14. Rxe5 Bd6 15.
Re1 Bg4 16. Qa4 Rb8 17. Ne4 Nxe4 18. Bxe4 h5 19. Bd2 h4 20. Bxa5 Qf6 21. Qc2 b6
22. Bd2 Bf3 23. Bg5 Qxg5 24. Bxf3 f5 25. Qe2 1-0

[Event "Campeonato de España Universitario 2008"]
[Site "Madrid ESP"]
[Date "2008.05.09"]
[Round "4.56"]
[White "Zamarreño Cuerda, Eva"]
[Black "Baiges Navarro, Albert"]
[Result "1/2-1/2"]
[WhiteElo "1839"]
[BlackElo "2044"]
[PlyCount "28"]
[EventDate "2008.05.08"]
[EventType "swiss"]
[EventRounds "9"]
[EventCountry "ESP"]
[Source "lmi"]
[SourceDate "2008.05.08"]

1. e4 c5 2. c4 Nc6 3. Nc3 g6 4. g3 Bg7 5. Bg2 d6 6. Nge2 e6 7. O-O Nge7 8. d3
O-O 9. Be3 Nd4 10. Qd2 a6 11. Bh6 Nec6 12. Bxg7 Kxg7 13. b3 Rb8 14. f4 e5
1/2-1/2

[Event "Campeonato de España Universitario 2008"]
[Site "Madrid ESP"]
[Date "2008.05.09"]
[Round "4.57"]
[White "Urbano Romero, Jonas"]
[Black "Gallardo Estrella, Alvaro"]
[Result "0-1"]
[WhiteElo "1822"]
[BlackElo "2042"]
[PlyCount "74"]
[EventDate "2008.05.08"]
[EventType "swiss"]
[EventRounds "9"]
[EventCountry "ESP"]
[Source "lmi"]
[SourceDate "2008.05.08"]

1. e4 c5 2. Nf3 d6 3. d4 cxd4 4. Nxd4 Nf6 5. Nc3 g6 6. Bb5+ Bd7 7. Be3 Bg7 8.
f3 O-O 9. Qd3 a6 10. Bc4 Nc6 11. Nxc6 Bxc6 12. O-O Nd7 13. Qd2 b5 14. Bb3 b4
15. Nd5 Bxb2 16. Rab1 Bxd5 17. Rxb2 Bxb3 18. cxb3 Qa5 19. Rc2 Rfc8 20. Rfc1
Rxc2 21. Rxc2 Qb5 22. Bd4 a5 23. Rc7 a4 24. Qc2 axb3 25. axb3 e5 26. Ra7 Rxa7
27. Bxa7 Qa6 28. Be3 Qa1+ 29. Kf2 Nc5 30. Qd2 Qa6 31. Bxc5 dxc5 32. Qd5 Qa2+
33. Kg3 Qb2 34. Qxc5 Qxb3 35. Qxe5 Qc3 36. Qa5 Qd4 37. Qb5 Kg7 0-1

[Event "Campeonato de España Universitario 2008"]
[Site "Madrid ESP"]
[Date "2008.05.09"]
[Round "4.58"]
[White "Rodriguez Gonzalez, Alex"]
[Black "Devesa Raris, Victor Hugo"]
[Result "1-0"]
[WhiteElo "2041"]
[BlackElo "1903"]
[PlyCount "57"]
[EventDate "2008.05.08"]
[EventType "swiss"]
[EventRounds "9"]
[EventCountry "ESP"]
[Source "lmi"]
[SourceDate "2008.05.08"]

1. e4 c5 2. Nc3 g6 3. f4 Bg7 4. Nf3 Nc6 5. Bb5 e6 6. e5 Nge7 7. Ne4 Nf5 8. g4
d5 9. Nxc5 Qb6 10. Nxe6 Bxe6 11. gxf5 Bxf5 12. Bxc6+ bxc6 13. d4 O-O 14. c3 c5
15. dxc5 Qxc5 16. Qd4 Qc7 17. Be3 Be4 18. O-O Qd7 19. Kf2 Qg4 20. Qd1 Qh5 21.
Kg3 Rab8 22. Rf2 Qf5 23. Bxa7 Rb7 24. Bc5 Rfb8 25. b4 g5 26. Nxg5 Bxe5 27. fxe5
Qxg5+ 28. Qg4 Qxg4+ 29. Kxg4 1-0